000 00680nac a22001931u 4500
010 _a 2008270529
020 _a0713136200
082 _a621
_bFAW
090 _c9091
_d9091
100 _aFawcett, J. N.
245 1 0 _aBasic mechanics with engineering applications /
_cJ.N. Fawcett and J.S. Burdess.
260 _aOxford ;
_aBoston :
_bButterworth Heinemann,C.2003.
_cC.2003.
300 _a406 p. ;
_c24 cm.
500 _aDistributer: Al-Ahram.
511 _aCatalogued By: Mahitab.
650 _aMechanics.
856 4 2 _3Publisher description
_uhttp://www.loc.gov/catdir/enhancements/fy0811/2008270529-d.html
942 _cBB
_k621FAW
999 _c9091
_d9091